Triết học pháp quyền của Hêghen

保存先:
書誌詳細
第一著者: Nguyễn Trọng Chuẩn
フォーマット: 図書
言語:Undetermined
出版事項: H. CTQG 2002
主題:
タグ: タグ追加
タグなし, このレコードへの初めてのタグを付けませんか!
Thư viện lưu trữ: Trung tâm Học liệu Trường Đại học Cần Thơ
LEADER 00535nam a2200193Ia 4500
001 CTU_58439
008 210402s9999 xx 000 0 und d
020 |b 21500 
082 |a 141 
082 |b Ch502 
100 |a Nguyễn Trọng Chuẩn 
245 0 |a Triết học pháp quyền của Hêghen 
245 0 |c Nguyễn Trọng Chuẩn và Đỗ Minh Hợp 
260 |a H. 
260 |b CTQG 
260 |c 2002 
650 |a idealism 
904 |i Minh 
980 |a Trung tâm Học liệu Trường Đại học Cần Thơ